Tá naša divadelná sezóna

Bibliographic Details
Main Author: Zbaviteľ, Ľudo (Author)
Format: Article
Language:Slovak
Subjects:

MARC

LEADER 00000nab a2200000 a 4500
001 vtls010207001
003 SK-MaSNL
005 20260303194238.0
008 171108d1932 xo | |000 0|slo
038 |a KEVKJB 
040 |a KEVKJB  |b slo  |c KEVKJB  |e AACR2 
041 0 |a slo 
044 |a xo  |c SK 
080 |a 792  |x (437.672)  |2 2001 
100 1 |a Zbaviteľ, Ľudo  |4 aut  |9 1226205 
245 1 0 |a Tá naša divadelná sezóna  |c Ľudo Zbaviteľ 
600 1 7 |a Drašár, Anton  |2 kevkjb  |9 1226200 
610 2 7 |a Východoslovenské národné divadlo  |2 kevkjb  |9 29592 
648 7 |a 1932  |2 kevkjb  |9 309437 
651 7 |a Košice (Slovensko)  |2 kevkjb  |9 18694 
655 7 |a kritické poznámky  |2 kevkjb  |9 1039675 
773 0 |t Košické noviny  |g Roč. 2, č. 8 (20.2.1932), s. 1-2 
852 |a KEVKJB  |b KIS3GCP 
999 |c 2156607  |d 2158537